000 00614nam a2200229Ia 4500
003 OSt
005 20220924144905.0
006 a|||||r|||| 00| 0
007 ta
008 220923b |||||||| |||| 00| 0 urd d
024 _a323412
037 _cTextual
040 _aARTS
_cARTS
_burd
041 _2urd
_aurd
082 _aV541:1.E4, 168K5
100 _aSharar Abdul Haleem Au.
_9179958
245 0 _aTareekh-e-daulat-e-Hispania-e-Arab
260 _c1965
650 _aSPAIN - HISTORY
942 _hV541:1.E4, 168K5
_cTEXL
_2CC
999 _c458590
_d458590